Türkiye'de yol işçileri (Record no. 739)

MARC details
000 -BAŞLIK
Sabit Uzunlukta Kontrol Alanı 00792na a2200253 4500
001 - KONTROL NUMARASI
Denetim Alanı 13274
003 - KONTROL NUMARASI IDENTIFIER
Denetim Alanı MIRAKIL
005 - SON İŞLEM TARİHİ VE ZAMANI
Denetim Alanı 20181213154759.0
008 - SABİT-BOY VERİ ELEMANLARI - GENEL BİLGİLER
Sabit Uzunlukta Kontrol Alanı 161012b tu 000 0
035 ## - SİSTEM KONTROL NUMARASI
Sistem Kontrol Numarası 13274
040 ## - KATALOGLAMA KAYNAK
Orijinal Kataloglama Ajansı Milas
Kataloglama Dili tur
Metne Dönüştürmek Ajansı TR-AnCHP
041 ## - DİL KODU
Metin / Ses Parça Veya Ayrı Başlığın Dil Kodu tur
082 ## - DEWEY ONLU SINIFLANDIRMA NUMARASI
Sınıflandırma Numarası 305.562
Ürün Numarası B29t 2011
090 ## - SINIFLAMA NUMARASI
Sınıflama Numarası 305.562 B29t 2011
100 ## - ANA GİRİŞ - KİŞİSEL İSİM
Kişisel Ad Baydar, H. İnönü
245 ## - BAŞLIK TABLOSU
Başlık Türkiye'de yol işçileri
Başlığın Kalan Kamuda çalışan yol işçilerinin sosyokültürel kimliği
Sorumluluk Tablosu, Vb Hüseli İnönü Baydar
246 ## - UNVAN FORM VARYING
Başlık Doğru / Kısa Başlığı Kamuda çalışan yol işçilerinin sosyokültürel kimliği
260 ## - YAYIN, DAĞITIM, VB
Yayın, Dağıtım, Vb Yeri Ankara
Yayıncı, Dağıtıcı, Vs Adı Yol-İş Yayınları
Yayın, Dağıtım, Vb Tarihi 2011
300 ## - FİZİKSEL TANIM
Kapsam 249 s.
Boyutlar 20 sm.
504 ## - KAYNAKÇA VB NOT
Kaynakça Vb Notu Kaynakça var.
650 ## - KONU KATMA GİRİŞ - TOPİKAL DÖNEM
Topikal Süreli Veya Coğrafi Ad Giriş Elemanı İşçi sınıfı
Genel Alt Bölümü Sosyal durum
650 ## - KONU KATMA GİRİŞ - TOPİKAL DÖNEM
Topikal Süreli Veya Coğrafi Ad Giriş Elemanı Sosyoloji
Genel Alt Bölümü Emek sınıfı
942 ## - EKLENDİ GİRİŞ ELEMANLARI (KOHA)
Sınıflandırma Veya Raf Düzeni Kaynak
Koha Öğesi Türü Books
999 ## - SİSTEM KONTROL NUMARALARI (KOHA)
Koha Biblionumber 739
Koha Biblioitemnumber 739
Holdings
Kalıcı Konum Mevcut Konum Edinme Tarihi Edinim Kaynak Toplam Check-Out'Lar Tam Çağrı Numarası Barkod Tarih Son Görülme İtibaren Geçerli Fiyatlar Koha Öğesi Türü
CHP Kütüphanesi CHP Kütüphanesi 08/12/2016 Bağış   305.562 B29t 2011 001109 08/12/2016 08/12/2016 Books